Can You Solve Gullum's Riddles? (LOTR Fans) - Statistics

General Stats
  • This quiz has been taken 1,503 times
  • The average score is 5 of 7
Answer Stats
Riddle Answer % Correct
This thing all things devours: Birds, beasts, trees, flowers; Gnaws iron, bites steel; Grinds hard stones to meal; Slays king, ruins town, And beats high mountain down. time
81%
Voiceless it cries, Wingless flutters, toothless bites, Mouthless mutters. the wind
78%
What has roots as nobody sees, Is taller than trees, Up, up it goes, And yet never grows? a mountain
77%
Thirty white horses on a red hill, First they champ, Then they stamp, Then they stand still. teeth
74%
A box without hinges, key, or lid, yet golden treasure inside is hid. an egg
60%
It cannot be seen, cannot be felt, Cannot be heard, cannot be smelt. It lies behind stars and under hills, And empty holes it fills. It comes first and follows after, Ends life, kills laughter. the dark
55%
Alive without breath, As cold as death; Never thirsty, ever drinking, All in mail never clinking. a fish
38%
No matching quizzes found
Score Distribution
Percent of People with Each Score
Percentile by Number Answered
Your Score History
You have not taken this quiz